
Library Catalogue

| 000 -LEADER | |
|---|---|
| fixed length control field | 01066cam a2200241 i 4500 |
| 001 - CONTROL NUMBER | |
| control field | 18724442 |
| 005 - DATE AND TIME OF LATEST TRANSACTION | |
| control field | 20260120091255.0 |
| 008 - FIXED-LENGTH DATA ELEMENTS--GENERAL INFORMATION | |
| fixed length control field | 150731s2016 nyu b 001 0deng |
| 010 ## - LIBRARY OF CONGRESS CONTROL NUMBER | |
| LC control number | 2015024645 |
| 020 ## - INTERNATIONAL STANDARD BOOK NUMBER | |
| International Standard Book Number | 9781107569829 |
| Qualifying information | (pbk.) |
| 082 ## - DEWEY DECIMAL CLASSIFICATION NUMBER | |
| Classification number | 303.372 RIC |
| 100 1# - MAIN ENTRY--PERSONAL NAME | |
| Personal name | Richards, David A. J. |
| 245 10 - TITLE STATEMENT | |
| Title | Why love leads to justice : |
| Remainder of title | love across the boundaries / |
| Statement of responsibility, etc. | David A. J. Richards |
| 264 #1 - PRODUCTION, PUBLICATION, DISTRIBUTION, MANUFACTURE, AND COPYRIGHT NOTICE | |
| Place of production, publication, distribution, manufacture | New York : |
| Name of producer, publisher, distributor, manufacturer | Cambridge University Press, |
| Date of production, publication, distribution, manufacture, or copyright notice | 2016. |
| 300 ## - PHYSICAL DESCRIPTION | |
| Extent | xi, 257 p. ; |
| Dimensions | 24 cm. |
| 505 ## - FORMATTED CONTENTS NOTE | |
| Formatted contents note | Breaking the Love Laws as Resistance 12 Love and Resistance 31 Christopher Isherwood’s Struggle for a Resistant Voice 73 Wystan Auden on the Anxiety of Manhood 95 Bayard Rustin on Nonviolence 124 James Baldwin on Love and Voice 150 Eleanor Roosevelt Margaret Mead and Ruth Benedict on Resisting 182 Moral Injury and Love Why Love Leads to Justice 209 Bibliography 235 Index 247 Copyright |
| 650 #0 - SUBJECT ADDED ENTRY--TOPICAL TERM | |
| Topical term or geographic name entry element | Homosexuality. |
| 650 #0 - SUBJECT ADDED ENTRY--TOPICAL TERM | |
| Topical term or geographic name entry element | Interracial dating. |
| 650 #0 - SUBJECT ADDED ENTRY--TOPICAL TERM | |
| Topical term or geographic name entry element | Adultery. |
| 650 #0 - SUBJECT ADDED ENTRY--TOPICAL TERM | |
| Topical term or geographic name entry element | Love. |
| 650 #0 - SUBJECT ADDED ENTRY--TOPICAL TERM | |
| Topical term or geographic name entry element | Social justice. |
| 942 ## - ADDED ENTRY ELEMENTS (KOHA) | |
| Source of classification or shelving scheme | Dewey Decimal Classification |
| Koha item type | BOOKs |
| Withdrawn status | Lost status | Damaged status | Not for loan | Collection code | Home library | Current library | Shelving location | Date acquired | Cost, normal purchase price | Total Checkouts | Full call number | Barcode | Date last seen | Price effective from | Koha item type |
|---|---|---|---|---|---|---|---|---|---|---|---|---|---|---|---|
| . | . | 05.11.2018 | 0.00 | 303.372 RIC | 35287 | 05.11.2018 | 05.11.2018 | BOOKs |